Capitales des pays en K - Statistiques

Statistiques générales
  • Ce quiz a été pris 78 fois
  • Le résultat moyen est 4 sur 5
Statistiques - réponses
Pays Capitales % Correct
Koweït Ville de Koweït
90%
Kenya Nairobi
89%
Kazakhstan Astana
77%
Kirghizistan Bichkek
59%
Kiribati Tarawa-Sud
38%
Aucun quiz correspondant
Distribution des résultats
% des personnes avec chaque résultat
Percentile par nombre de réponses
Votre historique - résultats
Vous n’avez pas pris ce quiz